000
00283nam a2200109Ia 4500
008
230907s9999||||xx |||||||||||||| ||und||
082
_a
690.0994
_b
BAS
245
0
_a
Basic building and construction skills :
260
_a
Pearson,
_b
Australia :
_c
2018
300
_a
390 p.
942
_c
BK
999
_c
600046
_d
600046